Trabajos jurídicos de homenaje a la Escuela Libre de Derecho en su XXV aniversario : derecho internacional /

Compilación de tres obras relacionadas con la historia del derecho en México. Este volumen, dedicado exclusivamente al derecho internacional, incluye: "La evolución doctrinal del derecho internacional privado", Eduardo Trigueros; "Los convenios de Bucareli ante el derecho internacional", Antonio Góm...

Descrición completa

Gardado en:
Detalles Bibliográficos
Outros autores: Trigueros S., Eduardo (autor) (autor), Gómez Robledo, Antonio (autor) (autor), Barra, Francisco L., de la (autor) (autor), Fernández del Castillo, Germán (prólogo) (prólogo)
Formato: Libro
Idioma:Lingua castelá
Publicado: México : Polis, 1938, c1938
Temas:
Etiquetas: Engadir etiqueta
Sen Etiquetas, Sexa o primeiro en etiquetar este rexistro!

MARC

LEADER 00000nam^a2200000^a^4500
001 000131893
005 20250521000000.0
009 20260310095037.482
037 |a Acervo ITESO - Biblioteca 
041 |a ESP 
082 |a 972.  |b TRA V. 4 
240 1 1 |a [Trabajos jurídicos de homenaje a la Escuela Libre de Derecho en su XXV aniversario] 
245 1 0 |a Trabajos jurídicos de homenaje a la Escuela Libre de Derecho en su XXV aniversario :  |b derecho internacional /  |c E. Trigueros S., A. Gómez Robledo, F.L. de la Barra ; dir. y pról. de G. Fernández del Castillo. 
264 4 |a México :  |b Polis,  |c 1938, c1938 
300 |a [502] p. 
336 |a texto  |b txt  |2 rdacontenido 
337 |a sin mediación  |b n  |2 rdamedio 
338 |a volumen  |b nc  |2 rdasoporte 
520 |a Compilación de tres obras relacionadas con la historia del derecho en México. Este volumen, dedicado exclusivamente al derecho internacional, incluye: "La evolución doctrinal del derecho internacional privado", Eduardo Trigueros; "Los convenios de Bucareli ante el derecho internacional", Antonio Gómez Robledo; "Algunas consideraciones acerca de la historia diplomática de México", Francisco de la Barra. 
649 |a XX 
650 |a Derecho Internacional Privado 
650 |a Derecho Internacional 
650 |a Derecho Positivo 
650 |a Tratados Internacionales -  |z México-EUA -  |x Historia 
650 |a Relaciones Internacionales -  |z México-EUA -  |x Historia 
650 |a Diplomacia -  |z México -  |x Historia 
650 |a Política Exterior -  |z México -  |x Historia 
650 |a México -  |x Historia -  |y Tratados de Bucareli 
650 |a México -  |x Historia -  |y Régimen Obregonista, 1920-1924 
650 |a México -  |x Historia -  |y Siglo XX 
650 |a México -  |x Historia 
700 |a Trigueros S., Eduardo  |e (autor) 
700 |a Gómez Robledo, Antonio  |e (autor) 
700 |a Barra, Francisco L., de la  |e (autor) 
700 |a Fernández del Castillo, Germán  |e (prólogo) 
910 |a Fondo Salvador Reynoso Reynoso 
920 |a Impresos - Libros 
930 |a Fondos Especiales 
905 |a 112 
901 |a 0800012268  |b IT2  |c ESP  |u 20250521 
902 |a https://opac.biblio.iteso.mx/vufind/Record/000131893